Normal view
MARC view
Entry Personal Name
001 - CONTROL NUMBER
- control field: 1136169
003 - CONTROL NUMBER IDENTIFIER
- control field: OSt
005 - DATE AND TIME OF LATEST TRANSACTION
- control field: 20260320201852.0
008 - FIXED-LENGTH DATA ELEMENTS
- fixed length control field: 260320|| aca||aabn | a|a d
040 ## - CATALOGING SOURCE
- Original cataloging agency: OSt
- Transcribing agency: OSt
100 ## - HEADING--PERSONAL NAME
- Personal name: Alls
670 ## - SOURCE DATA FOUND
- Source citation: Work cat.: (OSt)1723998: Alls, High-Performance Programming in C# and .NET: Understand the nuts and bolts of developing robust, faster, and resilient applications in C# 10.0 and .NET 6
